<?xml version="1.0" encoding="UTF-8"?><?xml-stylesheet type="text/xsl" href="static/style.xsl"?><OAI-PMH xmlns="http://www.openarchives.org/OAI/2.0/" xmlns:xsi="http://www.w3.org/2001/XMLSchema-instance" xsi:schemaLocation="http://www.openarchives.org/OAI/2.0/ http://www.openarchives.org/OAI/2.0/OAI-PMH.xsd"><responseDate>2026-04-14T03:25:42Z</responseDate><request verb="GetRecord" identifier="oai:www.recercat.cat:10230/55065" metadataPrefix="marc">https://recercat.cat/oai/request</request><GetRecord><record><header><identifier>oai:recercat.cat:10230/55065</identifier><datestamp>2025-12-24T08:47:21Z</datestamp><setSpec>com_2072_6</setSpec><setSpec>col_2072_452952</setSpec></header><metadata><record xmlns="http://www.loc.gov/MARC21/slim" xmlns:dcterms="http://purl.org/dc/terms/" xmlns:xsi="http://www.w3.org/2001/XMLSchema-instance" xmlns:doc="http://www.lyncode.com/xoai" xsi:schemaLocation="http://www.loc.gov/MARC21/slim http://www.loc.gov/standards/marcxml/schema/MARC21slim.xsd">
   <leader>00925njm 22002777a 4500</leader>
   <datafield ind2=" " ind1=" " tag="042">
      <subfield code="a">dc</subfield>
   </datafield>
   <datafield ind2=" " ind1=" " tag="720">
      <subfield code="a">Tudela-Isanta, Anna</subfield>
      <subfield code="e">author</subfield>
   </datafield>
   <datafield ind2=" " ind1=" " tag="720">
      <subfield code="a">Milà-Garcia, Alba</subfield>
      <subfield code="e">author</subfield>
   </datafield>
   <datafield ind2=" " ind1=" " tag="260">
      <subfield code="c">2022-12-02T07:06:29Z</subfield>
   </datafield>
   <datafield ind2=" " ind1=" " tag="260">
      <subfield code="c">2022-12-02T07:06:29Z</subfield>
   </datafield>
   <datafield ind2=" " ind1=" " tag="260">
      <subfield code="c">2022</subfield>
   </datafield>
   <datafield ind2=" " ind1=" " tag="520">
      <subfield code="a">A pesar de la relevancia de internet y las redes sociales&#xd;
entre la población más joven, contamos con pocos estudios que se&#xd;
centren en el uso del catalán en estos contextos. En este artículo,&#xd;
llevamos a cabo un análisis cualitativo de la situación del catalán&#xd;
en TikTok y Twitch, dos plataformas que han crecido de forma&#xd;
significativa en los últimos años. Twitch ofrece la posibilidad de crear&#xd;
contenidos de ámbitos específicos en catalán, mientras que en TikTok&#xd;
el uso de varios hashtags, pero especialmente #estiktokat, aseguran&#xd;
la indexicalidad de los vídeos. Estos resultados demuestran que los&#xd;
creadores de contenidos en catalán participan activamente en estas&#xd;
plataformas y que han desarrollado estrategias para asegurar que se&#xd;
crea contenido en catalán y que es accesible para otros usuarios.</subfield>
   </datafield>
   <datafield ind2=" " ind1=" " tag="520">
      <subfield code="a">Despite the relevance of Internet and social media among&#xd;
the youngest population, there have been few studies that focus&#xd;
on the use of Catalan in these contexts. In this paper, we carry&#xd;
out a qualitative analysis of the current situation of the Catalan&#xd;
language on TikTok and Twitch, two platforms that have grown&#xd;
significantly in the past few years. Twitch offers the chance to create&#xd;
specialized content, while on TikTok the use of an array of hashtags,&#xd;
but #estiktokat in particular, ensures the indexicality of the videos.&#xd;
These results show that content creators that use Catalan as their&#xd;
language participate actively in these platforms and have developed&#xd;
strategies in order to ensure that content in Catalan is created and&#xd;
that is accessible to other users.</subfield>
   </datafield>
   <datafield tag="653" ind2=" " ind1=" ">
      <subfield code="a">Lenguas minoritarias</subfield>
   </datafield>
   <datafield tag="653" ind2=" " ind1=" ">
      <subfield code="a">Internet</subfield>
   </datafield>
   <datafield tag="653" ind2=" " ind1=" ">
      <subfield code="a">Catalán</subfield>
   </datafield>
   <datafield tag="653" ind2=" " ind1=" ">
      <subfield code="a">Redes sociales</subfield>
   </datafield>
   <datafield tag="653" ind2=" " ind1=" ">
      <subfield code="a">Plataformas digitales</subfield>
   </datafield>
   <datafield tag="653" ind2=" " ind1=" ">
      <subfield code="a">Minority languages</subfield>
   </datafield>
   <datafield tag="653" ind2=" " ind1=" ">
      <subfield code="a">Internet</subfield>
   </datafield>
   <datafield tag="653" ind2=" " ind1=" ">
      <subfield code="a">Catalan</subfield>
   </datafield>
   <datafield tag="653" ind2=" " ind1=" ">
      <subfield code="a">Social networks</subfield>
   </datafield>
   <datafield tag="653" ind2=" " ind1=" ">
      <subfield code="a">Digital platforms</subfield>
   </datafield>
   <datafield ind2="0" ind1="0" tag="245">
      <subfield code="a">La Presencia del catalán en las plataformas digitales: el caso de Twitch y TikTok</subfield>
   </datafield>
</record></metadata></record></GetRecord></OAI-PMH>